000 01196nam a2200361 c 4500
001 52535
003 ES-MaCES
005 20250203134035.0
008 221114s2022 sp f 000 | spa d
017 _aV 1958-2022
_bDL
020 _a9788411470063
040 _aES-MaCES
_bspa
_cES-MaCES
100 1 _aBlasco Lahoz, José Francisco
_97894
245 1 0 _aCurso de Seguridad Social
_cJosé Francisco Blasco Lahoz, Juan López Gandía
250 _a14ª ed
260 _aValencia
_bTirant lo Blanch
_c2022
300 _a693 p.
_c24 cm
490 1 _aManuales
504 _aBibliografía: p. 677-693
541 _cCompra
650 4 _aseguridad social
_927034
650 4 _arégimen universal de prestaciones
_930153
650 4 _afinanciación de la seguridad social
_930265
650 4 _aEspaña
_926964
650 4 _alegislación de seguridad social
_929855
650 4 _arégimen jurídico
_929894
653 1 0 _aDerecho del trabajo y Seguridad Social
700 1 _aLópez Gandía, Juan
_916894
775 0 _tCurso básico de Seguridad Social
_w(ES-MaCES)51992
830 0 _aManuales (Tirant lo Blanch (Firma))
_933478
902 _aLIB Libro
942 _2CES
_cBK
_h6.0.1.
999 _c52535
_d52535